Napäťovo-deformačná analýza rámu Formule

Guardado en:
Detalles Bibliográficos
Autor principal: Dudaško, Marian Mirko (Autor)
Otros Autores: Garan, Martin (Orientador)
Formato: Manuscrito Libro
Lenguaje:eslovaco
Publicado: 2022
Materias:
Acceso en línea:http://is.stuba.sk/zp/portal_zp.pl?podrobnosti=157185
Etiquetas: Agregar Etiqueta
Sin Etiquetas, Sea el primero en etiquetar este registro!

MARC

LEADER 00000ntm a22000003a 4500
001 stuzp88289
003 SK-STU
005 20220611211246.9
007 ta
008 150427s2015----xo-----f-mn---000-0-slo-d
040 |a STU  |b slo 
041 0 |a slo 
100 1 |a Dudaško, Marian Mirko  |u 020010  |4 aut  |U SjF Strojnícka fakulta  |T SjF Ústav aplikovanej mechaniky a mechatroniky  |X 104876  |U J0010  |Y 801  |7 104876 
242 0 1 |a Stress-strain analysis of the Formula frame  |y eng 
245 1 0 |a Napäťovo-deformačná analýza rámu Formule 
260 |c 2022 
650 4 |a formula  |2 slo 
650 4 |a napäťovo-deformačná analýza  |2 slo 
650 4 |a metóda konečných prvkov  |2 slo 
650 4 |a formula  |2 eng 
650 4 |a stress-strain analysis  |2 eng 
650 4 |a finite element method  |2 eng 
700 1 |a Garan, Martin  |u 020010  |k Z1  |4 ths  |U SjF Strojnícka fakulta  |T SjF Ústav aplikovanej mechaniky a mechatroniky  |X 10008  |U J0010  |Y 801  |7 A000010008 
856 4 |u http://is.stuba.sk/zp/portal_zp.pl?podrobnosti=157185